000 00502nam a2200205 i 4500
001 bgj
100 1 _aJAMES, P. D.
245 1 0 _aA mind to murder /
_cP. D. James.
260 _aNew York :
_bWarner Books,
_c1987.
300 _a256 pp ;
_c18 cm.
650 9 _aPolice
_zEngland
650 9 _aDetective and mystery stories
655 _aFiction
020 _a0446314803
040 _cBPK
041 0 _aeng
920 _a0-446-31480-3
942 _cKS
008 s uk f |000 0 eng
999 _c48692
_d48692
856 _uhttp://koha.tu.koszalin.pl/cgi-bin/koha/opac-detail.pl?biblionumber=48692
_yKatalog online BPK